"C" Antonyms - Statistics

General Stats
  • This quiz has been taken 205 times
    204 since last reset
  • The average score is 13 of 20
Answer Stats
Word C Antonyms % Correct
Open Close
99%
Adult Child
98%
Dirty Clean
98%
Warm Cold / Chilly
98%
Expensive Cheap
96%
Wrong Correct
86%
Sane Crazy / Crazed / Cracked
81%
Original Copy
78%
Simple Complex / Complicated / Convoluted
73%
Sad Chipper / Cheery / Cheerful
65%
Destroy Create
52%
Stupid Clever
51%
Free Captive / Caught / Capture / Caged
48%
Cautious Careless
48%
Courage Cowardice
39%
Kind Cruel
39%
Seperate Combine / Coalesce
35%
Insult Complement
34%
Employee Customer
26%
Interrupt Continue
24%
No matching quizzes found
Score Distribution
Percent of People with Each Score
Percentile by Number Answered
Your Score History
You have not taken this quiz since the last reset